000 00662nam a2200169 a 4500
008 160901s2011 ||||||||||||||||| || u
020 _a9781844487714
050 _aND 1500 Ber
100 _aBerry, Robin
245 1 0 _aCompendium of watercolour techniques: over 200 tips, techniques and trade secrets
_cBy Robin Berry
260 _aKent
_bSearch Press
_c2011
300 _a176p.: ill.
650 _aPAINTING--TECHNIQUES
650 _aWATERCOLOUR PAINTING--HANDBOOKS, MANUALS, ETC
650 0 _aWATERCOLOUR PAINTING--TECHNIQUE
995 _FCBU-MAIN LIBRARY (Kitwe)
_M1
_UREFERENCE
_WSep 26, 2016
_ZReference Collection
999 _c38075
_d38075